000 00241nam a2200097Ia 4500
008 230508s2007 xx 000 0 und d
041 _aeng
100 _aS RAMAMRUTHAM
245 _aSTRENGTH OF MATERIALS
260 _bDHANPARAI PUB.
_c2007
_g2007
999 _c315481
_d315481